Deutsch intensiv. Grundkurs für Ausländer Lehrbuch : 4. Auflage

Enregistré dans:
Détails bibliographiques
Format: Livre
Publié: Leipzig : VEB Verlag Enzyklopädie, 1975
Tags: Ajouter un tag
Pas de tags, Soyez le premier à ajouter un tag!

MARC

LEADER 00000nam a22000003a 4500
001 stu46881
005 20150408180126.2
008 ------s1975----gw----------------------d
040 |a STU  |b slo 
041 0
044 |a gw 
080 |a 803.0  |7 stu_us_auth*stu8372 
245 |a Deutsch intensiv. Grundkurs für Ausländer Lehrbuch :  |b 4. Auflage 
260 |a Leipzig :  |b VEB Verlag Enzyklopädie,  |c 1975 
300 |a 626 s 
996 |b J72925  |c J*72925-72926  |l JJSK  |s A  |a 24  |w stu46881_0001 
996 |b J85236  |c J*85236  |l JJSK  |s A  |a 24  |w stu46881_0002 
996 |b J72927  |c J*72927-72928/K 6  |l JJK6  |s P  |a 0  |w stu46881_0003 
996 |b J72928  |c J*72927-72928/K 6  |l JJK6  |s P  |a 0  |w stu46881_0004 
996 |b J72929  |c J*72929-72930/K 6  |l JJK6  |s P  |a 0  |w stu46881_0005 
996 |b J77041  |c J*77041/K 3  |l JJK3  |s P  |a 0  |w stu46881_0006 
996 |b J75109  |c J*75109/K 8  |l JJK8  |s P  |a 0  |w stu46881_0007 
996 |b J72926  |c J*72925-72926  |l JJSK  |s A  |a 24  |w stu46881_0008 
996 |b J72930  |c J*72929-72930/K 6  |l JJK6  |s P  |a 0  |w stu46881_0009